Регионална библиотека "Любен Каравелов" - Русе

Есенен човек (Запис номер 15095)

MARC детайли
000 -Лидер
Контролно поле с фиксирана дължина 00902nam a2200289 c 4500
003 - Код на организацията, давaща контролен номер
Контролно поле BLK
005 - Дата и час на последна редакция
Контролно поле 20191120133557.0
008 - Елементи от данни с фиксирана дължина
fixed length control field 180413b bul|||||r ||||||| ||bul||
010 ## - Наследен системен номер
LC control number KNG00016844000
020 ## - Международен стандартен номер на книга ISBN
Международен стандартен номер на книга ISBN 954-8079-45-3
-- издат.: Прозорец
040 ## - Източник на каталожния запис
Идентификатор на билиотеката - собственик на записа BLK
041 ## - Код за език
Код за езика на текст/звукозапис или на отделно заглавие Български
Код за езика КДБФ Български
080 ## - УДК
Текстов определител УДК Българска литература
УДК код - определител по УДК 821.163.2
УДК определител -3
УДК - код + определител 821.163.2-3
100 1# - Редна дума - Автор
Автор Арнаудов, Иван
Авторска отговорност първи автор
R(LIN) 244550
139 ## - Редно поле
Редна дума Арнаудов, Иван
Авторски знак Арн - А 87
245 10 - Сведения за заглавието
Заглавие Есенен човек
Подзаглавни данни [Импресии]
Редно поле (дума) Иван Арнаудов.
257 ## - Страна на издаване
Страна на създаване/издаване България
260 ## - Област на издателските данни
-- София
Име на издателя, разпространителя и проч. Прозорец
Година на издаване 1997
300 ## - Физическа характеристика
Страници 80 с.
Размери/Мащаб 21 см
380 ## - Жанр
Жанр Худож. лит.
500 ## - Общи забележки
Забележка 1 000 тир
852 ## - Местоположение
Форматна сигнатура Цб 192293
856 4# - Електронен адрес и достъп
Електронен формат pdf - файл
Път до файла /url/
856 4# - Електронен адрес и достъп
Електронен формат pdf - файл
Път до файла /url/
942 ## - АРТИКУЛИ
Вид на библиотечния материал Книги
Скрит в OPAC Не
Koha issues (borrowed), all copies 1
944 ## - СЪЗДАВАНЕ И РЕДАКЦИЯ на ЗАПИСА
Създаване/Редакция Създаване
Дата на регистрацията/редакция 15.01.2003
Служител, извършил регистрацията/редакцията Геновева_Генчева
944 ## - СЪЗДАВАНЕ И РЕДАКЦИЯ на ЗАПИСА
Създаване/Редакция Редакция
Дата на регистрацията/редакция 19.08.2004
Служител, извършил регистрацията/редакцията
999 ## - СИСТЕМНИ КОНТРОЛНИ НОМЕРА
Koha biblionumber 15095
Koha biblioitemnumber 15095
Наличности
Код за отписване Код за изгубен артикул Източник на класификационната схема Код за повреда Коз за рестрикции Код за отдаване Артикулен № Име на библиотеката - собственик Име на библиотеката, в която се намира в момента Статус (Текущо местоположение) Дата на вписване в системата Местоположение - отдел Цена в лева Инвентарен номер Систематично азбучна сигнатура Баркод Номер на екземпляра Цена в евро Служебна бележка Служебен тип на артикула
  Не е изгубен Universal Decimal Classification Не е повреден без рестрикции ползва се в читалня 25694 Регионална библиотека "Любен Каравелов" Русе Регионална библиотека "Любен Каравелов" Русе Хранилище 2001-01-01 Хранилище 0.00 631351 Цб 192293 120000631351 1 0.00 Дост: Dp Вид: Д N: 15 Дата: 01.01.1997 Книги
  Не е изгубен   Не е повреден без рестрикции заемане за дома 25695 Регионална библиотека "Любен Каравелов" Русе Регионална библиотека "Любен Каравелов" Русе Заемна - подръчен фонд 2004-08-18 Заемна - подръчен фонд 5.00 120000687713 П 886.7-1/А 87 120000687713 2 2.56 Дост: DA Вид: А N: 19 Дата: 18.08.2004 Дата инв: 14.02.2018 Бележки инв: П2018 Книги
  Не е изгубен   Не е повреден без рестрикции заемане за дома 25696 Регионална библиотека "Любен Каравелов" Русе Регионална библиотека "Любен Каравелов" Русе Заемна - подръчен фонд 2004-08-18 Заемна - подръчен фонд 5.00 120000687714 П 886.7-1/А 87 120000687714 3 2.56 Дост: DA Вид: А N: 19 Дата: 18.08.2004 Дата инв: 14.02.2018 Бележки инв: П2018 Книги
Vip Innovations Ltd, Rousse, Bulgaria 2025